¿Qué oculta Chloe? / (Record no. 110578)

MARC details
000 -LEADER
campo de control de longitud fija 00751nam a2200241 i 4500
001 - NÚMERO DE CONTROL
campo de control 110578
003 - IDENTIFICADOR DE NÚMERO DE CONTROL
campo de control ES-MaACL
005 - FECHA Y HORA DE LA ÚLTIMA TRANSACCIÓN
campo de control 20230906185107.0
007 - CAMPO FIJO DE DESCRIPCIÓN FÍSICA--INFORMACIÓN GENERAL
campo de control de longitud fija t|
008 - DATOS DE LONGITUD FIJA--INFORMACIÓN GENERAL
campo de control de longitud fija 070201s1952 sp ||||1| spa d
080 ## - NÚMERO DE LA CLASIFICACIÓN DECIMAL UNIVERSAL
Número de la Clasificación Decimal Universal 821.111-31"18"
100 1# - ENTRADA PRINCIPAL--NOMBRE DE PERSONA
Nombre de persona Hungerford, Margaret Wolfe.
9 (RLIN) 64737
245 10 - MENCIÓN DEL TÍTULO
Título ¿Qué oculta Chloe? /
Mención de responsabilidad, etc. Mrs. Hungerford ; versión del inglés por Ganose ; portada de Félix Puente.
250 ## - MENCION DE EDICION
Mención de edición 1ª ed.
260 ## - PUBLICACIÓN, DISTRIBUCIÓN, ETC.
Lugar de publicación, distribución, etc. Madrid :
Nombre del editor, distribuidor, etc. Gilsa,
Fecha de publicación, distribución, etc. 1952.
300 ## - DESCRIPCIÓN FÍSICA
Extensión 143 p. ;
Dimensiones 15 cm.
490 1# - MENCIÓN DE SERIE
Mención de serie Biblioteca de Chicas ;
Designación de volumen o secuencia 7
700 1# - ENTRADA AGREGADA--NOMBRE PERSONAL
Nombre de persona Ganose, María del Pilar.
9 (RLIN) 53875
700 1# - ENTRADA AGREGADA--NOMBRE PERSONAL
Nombre de persona Puente, Félix.
9 (RLIN) 94140
830 0# - PUNTO DE ACCESO ADICIONAL DE SERIE-TÍTULO UNIFORME
Título uniforme Biblioteca de Chicas ;
Designación de volumen o secuencia 7
9 (RLIN) 233036
852 ## - LOCALIZACIÓN
Ubicación ES-MaACL
Número de control de estantería D-492
Sublocalización o colección R.138566
Holdings
Estatus retirado Estado de pérdida Estado de daño No para préstamo Biblioteca de origen Biblioteca actual Ubicación en estantería Fecha de adquisición Fuente de adquisición Total de préstamos Signatura topográfica completa Código de barras Visto por última vez Precio de reemplazo Tipo de ítem Koha
        Biblioteca del Ateneo de Madrid Biblioteca del Ateneo de Madrid Sala Valle Inclán 17/01/2008     D-492 901115372 23/02/2023 23/02/2023 Libro impreso